00341nam a2200133Ia 45000010005000000080041000050200021000460820018000671000030000852450017001152600033001329010027001659990015001923347241024s9999 xx 000 0 und d a978-9945-13069-0 aRD/864.44/Q6r aCarmen Quidiello de Bosch 0aReloj de Sol bFundación Juan Boschc2008 a9/10/2013 9:24:59 p.m. c7716d7716